000 02073nam a22001577a 4500
041 _aukr
080 _a09
090 _bСОК
100 _aСокол, Ю. М.
245 _aТерміносистема напрямів музичного мистецтва в системі лексики сучасної англійської мови
260 _aОстрог
_bКАФ
_c2014
300 _a66
520 _aВступ. Розділ І. Лексико-семантичне поле та терміносистема "музика". 1.1. Теорія лексико-семантичного поля у дослідженнях мовознавців 1.2. Терміносистема як спеціалізоване лексико-семантичне поле та сфери існування термінології 1.3. Виникнення терміносистеми "музика" та її звязок з терміносистемами інших видів мистецтва Розділ ІІ. Тлумачення терміносистеми "музика" в сучасних англомовних словниках. 2.1. Фіксація лексики музичного мистецтва у словниках різних типів 2.2. Особливості тлумачення музичних термінів в словниках Розділ ІІІ. Особливості вживання музичних термінів у публіцистичних виданнях. 3.1. Характеристика музичних термінів за структурою та особливості їхнього вживання в англомовних музичних журналах 3.2. Вживання термінів за походженням у публіцистиці музичного спрямування Висновки. Список використаної літератури. Додатки
_0терміносистема, словник, журнал
650 _aResearch Papers
999 _c285489
_d285489
942 _cBK